Downton Abbey Character Chain Quiz Stats

 Plays Quiz not verified by Sporcle

Score 0/23 Timer 04:00
1 Play Today
Clue Character % Correct
his wifeCora Crawley
98.3%
Lord GranthamRobert Crawley
97.6%
her eldest granddaughterMary Crawley
97.4%
her mother-in-lawViolet Crawley
96%
her youngest sisterSybil Crawley
96%
his sister-in-lawEdith Crawley
93.2%
her husbandTom Branson
90.8%
her cousinMatthew Crawley
90.1%
his motherIsobel Crawley
88.1%
her helperDaisy
81.1%
her late husbandWilliam
79.4%
her counterpart at Downton AbbeyMrs. Patmore
77.6%
Clue Character % Correct
his footmanThomas
76.2%
who wants him to end it withAnna
68.1%
his bossMr. Carson
65.7%
whose first wife isVera
62.5%
who schemes againstMr. Bates
62.2%
his co-worker, the cookMrs. Bird
60.3%
who is replaced byEthel
59.8%
who shares a room withGwen
56.5%
whose baby is namedCharlie
45.8%
her butlerMr. Molesley
44.1%
his scheming friendMrs. O'Brien
43.4%

You're not logged in!

Compare scores with friends on all Sporcle quizzes.
OR
Log In

Show Comments

Extras

Created Feb 21, 2012ReportNominate
Tags:abbey, character

Top Quizzes Today


Score Distribution

Your Account Isn't Verified!

In order to create a playlist on Sporcle, you need to verify the email address you used during registration. Go to your Sporcle Settings to finish the process.

Report this User

Report this user for behavior that violates our Community Guidelines.

Details: